| 000 | 01724nam a2200385Ia 4500 | ||
|---|---|---|---|
| 001 | ebr10343532 | ||
| 003 | CaPaEBR | ||
| 006 | m u | ||
| 007 | cr cn||||||||| | ||
| 008 | 090123s2009 ncua sb s001 0 eng d | ||
| 010 | _z 2009002894 | ||
| 020 | _z9780807832615 (cloth : alk. paper) | ||
| 040 |
_aCaPaEBR _cCaPaEBR |
||
| 035 | _a(OCoLC)646846986 | ||
| 050 | 1 | 4 |
_aDS559.4 _b.A44 2009eb |
| 100 | 1 |
_aAllen, Michael J. _q(Michael Joe), _d1974- |
|
| 245 | 1 | 0 |
_aUntil the last man comes home _h[electronic resource] : _bPOWs, MIAs, and the unending Vietnam War / _cMichael J. Allen. |
| 260 |
_aChapel Hill : _bUniversity of North Carolina Press, _cc2009. |
||
| 300 |
_a433 p. : _bill. |
||
| 504 | _aIncludes bibliographical references and index. | ||
| 533 |
_aElectronic reproduction. _bPalo Alto, Calif. : _cebrary, _d2010. _nAvailable via World Wide Web. _nAccess may be limited to ebrary affiliated libraries. |
||
| 650 | 0 |
_aVietnam War, 1961-1975 _xPrisoners and prisons, North Vietnamese. |
|
| 650 | 0 |
_aPrisoners of war _zUnited States. |
|
| 650 | 0 |
_aPolitical activists _zUnited States. |
|
| 650 | 0 |
_aVietnam War, 1961-1975 _xMissing in action _zUnited States. |
|
| 650 | 0 |
_aVietnam War, 1961-1975 _xInfluence. |
|
| 650 | 0 |
_aVietnam War, 1961-1975 _xPolitical aspects. |
|
| 651 | 0 |
_aUnited States _xRelations _zVietnam. |
|
| 651 | 0 |
_aVietnam _xRelations _zUnited States. |
|
| 651 | 0 |
_aUnited States _xPolitics and government _y1945-1989. |
|
| 651 | 0 |
_aUnited States _xPolitics and government _y1989- |
|
| 655 | 7 |
_aElectronic books. _2local |
|
| 710 | 2 | _aebrary, Inc. | |
| 856 | 4 | 0 |
_uhttp://site.ebrary.com/lib/rucke/Doc?id=10343532 _zAn electronic book accessible through the World Wide Web; click to view |
| 999 |
_c163566 _d163566 |
||